=LDR 00000nam 2200000 4500 =001 INLIS000000000040770 =005 20130612150328 =008 ***********************************ind** =035 ##$$0010-061300000040770 =041 ##$$a ind =082 ##$$a 813 =090 ##$$a 813 , Jen ,a =100 ##$$a JENNINGS, Gany =245 ##$$a Apocalypse 2012 , Kode akhir jaman paling mengerikan , Gany Jennings =260 ##$$a 2010 $b Jakarta =300 ##$$a 498 hlm. , 22 cm =650 ##$$a FIKSI =850 ##$$a NBPNMAT =990 ##$$a 0001/BPAP-NTB/2015